00421nam a2200169Ia 4500003000400000005001700004008004100021020001800062040000700080041000800087082002300095100002200118245004300140260003800183300001700221365001300238OSt20230425162654.0210423s2011 xx 000 0 und d a9788125040880 cAL aeng a821.309223b NAYP aNAYAR (Pramod K). aEnglish poetry 1660-1780 an anthology. aNew DelhibOrient Blackswanc2011 aviii,416bPB b195cINR